000 00694cam a22002411 4500
001 sa 65005044
003 DLC
005 20260227112135.0
008 900301s1964 pk b 000 0 eng
010 _asa 65005044
025 _aPL480:P-E-694
035 _a(OCoLC)21141939
040 _aDLC
_cCU
_dDLC
042 _apremarc
050 0 0 _aBP44
_b.R3
100 1 _aRauf, Abdur,
_d1924-
245 1 0 _aReligious education in West Pakistan.
260 _aLahore,
_bWest Pakistan Bureau of Education,
_c1964.
300 _a62 p.
_c23 cm.
504 _aBibliography: p. 56-62.
650 0 _aIslamic religious education
_zPakistan.
710 1 _aWest Pakistan (Pakistan).
_bBureau of Education.
999 _c64078
_d64078